FINANCIAL SERVICES AND MARKETS (Record no. 17387)

MARC details
000 -LEADER
fixed length control field 00314nam a2200121Ia 4500
008 - FIXED-LENGTH DATA ELEMENTS--GENERAL INFORMATION
fixed length control field 240624s9999 xx 000 0 und d
041 ## - LANGUAGE CODE
Language code of text/sound track or separate title eng
082 ## - DEWEY DECIMAL CLASSIFICATION NUMBER
Classification number 658.15 GUR
100 ## - MAIN ENTRY--PERSONAL NAME
Personal name GURUSAMY S
245 ## - TITLE STATEMENT
Title FINANCIAL SERVICES AND MARKETS
260 ## - PUBLICATION, DISTRIBUTION, ETC.
Date of publication, distribution, etc. 2004
Place of publication, distribution, etc. Australia
Name of publisher, distributor, etc. Thomson
300 ## - PHYSICAL DESCRIPTION
Extent xxvi, : 806 : p. : cm. ; 24
Holdings
Withdrawn status Lost status Damaged status Not for loan Home library Current library Shelving location Date acquired Total Checkouts Full call number Barcode Date last seen Date last checked out Price effective from Koha item type
        IMTN IMTN Rack 23-A 07/14/2011 1 658.15 GUR 17387 10/14/2024 10/03/2024 06/24/2024 Books
Designed & Maintained by: LRC IMT Nagpur Contact: lrc@imtnag.ac.in© 2024. All Rights Reserved.